Trente arpents

Guardat en:
Dades bibliogràfiques
Autor principal: Ringuet
Format: Llibre
Idioma:Undetermined
Publicat: Montreal, Canadá Fides 1983
Matèries:
Etiquetes: Afegir etiqueta
Sense etiquetes, Sigues el primer a etiquetar aquest registre!

MARC

LEADER 00000nam a2200000Ia 4500
008 170316s9999 xx 000 0 und d
090 |a 818 R-4t 
100 |a Ringuet 
245 |a Trente arpents 
260 |a Montreal, Canadá 
260 |b Fides 
260 |c 1983 
300 |a 306 páginas 
650 |a LITERATURA CANADIENSE 
999 |c 22032  |d 22032 
040 |a cru BVZT 
942 |c 15 D  |h 818 R-4t  |2 z